[Event "GBR-ch AM op 106th"]
[Site "Torquay"]
[Date "2019.07.29"]
[Round "1"]
[White "Clanchy, Nicholas"]
[Black "Sedykh, Mikhail"]
[Result "1/2-1/2"]
[WhiteElo "1931"]
[BlackElo "2143"]
[PlyCount "71"]
[EventDate "2019.07.29"]
[EventType "swiss"]
[EventRounds "5"]
[EventCountry "ENG"]
[SourceTitle "EXT 2021"]
[Source "ChessBase"]
[SourceDate "2020.10.23"]
[SourceVersion "1"]
[SourceVersionDate "2020.10.23"]
[SourceQuality "1"]

1. e4 e5 2. Nf3 Nf6 3. d3 Nc6 4. c3 d5 5. Qc2 Be7 6. Be2 0-0 7. 0-0 Re8 8. Re1 h6 9. Nbd2 a5 10. b3 dxe4 11. dxe4 Bc5 12. h3 Nh5 13. Nc4 Qf6 14. Be3 Bxe3 15. Nxe3 Nf4 16. Nd5 Nxd5 17. exd5 Ne7 18. Qe4 Bf5 19. Qxe5 Qxe5 20. Nxe5 Nxd5 21. Bc4 Be6 22. Bxd5 Bxd5 23. Rad1 Be6 24. Nd3 Bf5 25. Nf4 Rxe1+ 26. Rxe1 Kf8 27. Nd5 c6 28. Re5 g6 29. Nb6 Ra6 30. Nc4 b5 31. Nd6 Be6 32. c4 bxc4 33. bxc4 a4 34. a3 Ke7 35. Ne4 Rb6 36. Ra5 1/2-1/2

[Event "GBR-ch Atkins op 106th"]
[Site "Torquay"]
[Date "2019.07.27"]
[Round "2"]
[White "Clanchy, Nicholas"]
[Black "Verma, Aditya"]
[Result "1/2-1/2"]
[WhiteElo "1931"]
[BlackElo "2119"]
[PlyCount "132"]
[EventDate "2019.07.26"]
[EventType "swiss"]
[EventRounds "5"]
[EventCountry "ENG"]
[SourceTitle "EXT 2021"]
[Source "ChessBase"]
[SourceDate "2020.10.23"]
[SourceVersion "1"]
[SourceVersionDate "2020.10.23"]
[SourceQuality "1"]

1. g3 d5 2. Bg2 Nf6 3. d3 c6 4. Nf3 Bf5 5. 0-0 h6 6. Nbd2 e6 7. c4 Be7 8. b3 Nbd7 9. Bb2 0-0 10. a3 a5 11. Ra2 Re8 12. Qa1 Bf8 13. Ne5 Nxe5 14. Bxe5 Nd7 15. Bc3 Bg4 16. Nf3 Qb6 17. Rb1 Bf5 18. Nd2 Qc7 19. b4 axb4 20. axb4 Nb6 21. Rb3 Rxa2 22. Qxa2 e5 23. c5 Nd7 24. Qc2 Ra8 25. Bb2 b6 26. cxb6 Qxb6 27. Bc3 Be6 28. Rb1 Qb5 29. Nf3 f6 30. e3 c5 31. bxc5 Qxc5 32. Qd2 Qc7 33. Ne1 Bf7 34. Rc1 Qd6 35. Nc2 Rb8 36. Bh3 Nc5 37. Bb4 Qa6 38. Bxc5 Bxc5 39. d4 Bf8 40. dxe5 fxe5 41. Bg2 Qd6 42. Rd1 Rd8 43. Qa5 Be7 44. h3 Qc5 45. Qxc5 Bxc5 46. Ne1 d4 47. exd4 Bxd4 48. Bf3 e4 49. Be2 Bb3 50. Rb1 Be6 51. Rd1 e3 52. fxe3 Bxe3+ 53. Kh2 Rxd1 54. Bxd1 Kf7 55. Ng2 Bd2 56. Nh4 Kf6 57. Nf3 Bc3 58. Kg2 g5 59. Nh2 Bd5+ 60. Bf3 Bf7 61. h4 gxh4 62. Ng4+ Kg5 63. gxh4+ Kxh4 64. Nxh6 Be6 65. Ng4 Bxg4 66. Bxg4 Kxg4 1/2-1/2

[Event "GBR-ch Atkins op 106th"]
[Site "Torquay"]
[Date "2019.07.26"]
[Round "1"]
[White "Robinson, James M"]
[Black "Clanchy, Nicholas"]
[Result "0-1"]
[WhiteElo "1794"]
[BlackElo "1931"]
[PlyCount "126"]
[EventDate "2019.07.26"]
[EventType "swiss"]
[EventRounds "5"]
[EventCountry "ENG"]
[SourceTitle "EXT 2021"]
[Source "ChessBase"]
[SourceDate "2020.10.23"]
[SourceVersion "1"]
[SourceVersionDate "2020.10.23"]
[SourceQuality "1"]

1. d4 g6 2. Nf3 Bg7 3. Bf4 d6 4. e3 b6 5. Be2 Nd7 6. Nbd2 c5 7. c3 Bb7 8. 0-0 Ngf6 9. h3 0-0 10. Bh2 a6 11. Rc1 Ra7 12. Re1 Qa8 13. Bf1 Re8 14. Qb3 Bh6 15. Red1 Rb8 16. a4 b5 17. Ra1 Bc6 18. axb5 axb5 19. Ra3 Rxa3 20. Qxa3 Qxa3 21. bxa3 Ra8 22. Nb1 Bf8 23. Ne1 c4 24. f3 e6 25. Nc2 Bb7 26. Bg3 Nh5 27. Be1 f5 28. Be2 Nhf6 29. Bd2 Nb6 30. Nb4 Bh6 31. Kf2 Kf7 32. Re1 e5 33. Rd1 Re8 34. g3 exd4 35. exd4 Bxd2 36. Rxd2 Nfd5 37. Nxd5 Bxd5 38. Bd1 Bc6 39. Re2 Ra8 40. Rb2 g5 41. Bc2 Kf6 42. g4 f4 43. Be4 d5 44. Bf5 Re8 45. Re2 h5 46. Rxe8 Bxe8 47. Bc2 Bg6 48. Bxg6 Kxg6 49. Ke2 Na4 50. Kf2 h4 51. Ke2 Kf6 52. Kd2 Nb2 53. Ke2 Ke6 54. Nd2 Na4 55. Nb1 Kd6 56. Kd1 Nb2+ 57. Ke2 Kc6 58. Nd2 Na4 59. Nb1 Kb6 60. Kd1 Nb2+ 61. Ke2 Ka5 62. Nd2 Ka4 63. Nxc4 dxc4 0-1

[Event "GBR-ch 105th U2050"]
[Site "Hull"]
[Date "2018.07.31"]
[Round "2"]
[White "Rushbrooke, Tibo"]
[Black "Clanchy, Nicholas"]
[Result "0-1"]
[WhiteElo "1576"]
[BlackElo "1877"]
[PlyCount "64"]
[EventDate "2018.07.30"]
[EventType "swiss"]
[EventRounds "5"]
[EventCountry "ENG"]
[SourceTitle "EXT 2019"]
[Source "ChessBase"]
[SourceDate "2018.10.10"]
[SourceVersion "1"]
[SourceVersionDate "2018.10.10"]
[SourceQuality "1"]

1. d4 g6 2. Bf4 Bg7 3. e3 d6 4. c3 Nd7 5. Bd3 e5 6. Bg3 Ngf6 7. f3 Qe7 8. Nd2 exd4 9. cxd4 Qxe3+ 10. Qe2 Qxe2+ 11. Nxe2 Nb6 12. 0-0 Bd7 13. Rac1 Nfd5 14. Ne4 0-0 15. N4c3 Rfe8 16. Rfe1 Nxc3 17. bxc3 Bh6 18. Rb1 Bd2 19. Red1 Be3+ 20. Kh1 Ba4 21. Rf1 Bh6 22. Nf4 Re3 23. Be4 c6 24. d5 f5 25. dxc6 bxc6 26. Ne6 fxe4 27. fxe4 Rxe4 28. Nc7 Rd8 29. Rf6 Bg7 30. Rxd6 Rxd6 31. Bxd6 Bxc3 32. Na6 Re1+ 0-1

[Event "GBR-ch 105th Morning op"]
[Site "Hull"]
[Date "2018.07.30"]
[Round "1"]
[White "Sedykh, Mikhail"]
[Black "Clanchy, Nicholas"]
[Result "1-0"]
[WhiteElo "2139"]
[BlackElo "1877"]
[PlyCount "101"]
[EventDate "2018.07.30"]
[EventType "swiss"]
[EventRounds "5"]
[EventCountry "ENG"]
[SourceTitle "EXT 2019"]
[Source "ChessBase"]
[SourceDate "2018.10.10"]
[SourceVersion "1"]
[SourceVersionDate "2018.10.10"]
[SourceQuality "1"]

1. e4 g6 2. d4 Bg7 3. Nc3 d6 4. Be3 a6 5. Qd2 b5 6. f3 Nf6 7. 0-0-0 c6 8. g4 h5 9. g5 Nfd7 10. f4 Nb6 11. Qf2 b4 12. Nb1 d5 13. f5 dxe4 14. fxg6 fxg6 15. Nd2 Bf5 16. Ne2 0-0 17. Nf4 Nd5 18. Bc4 Kh7 19. Nb3 Nd7 20. Nxd5 cxd5 21. Bxd5 Rb8 22. Qh4 Nf6 23. Bc6 Ng4 24. Rhe1 Qb6 25. Ba4 e5 26. Bg1 Rbc8 27. Nc5 e3 28. h3 exd4 29. hxg4 Bxg4 30. Nd7 Bxd7 31. Bxd7 Rc7 32. Ba4 Rfc8 33. Qe4 Qa5 34. Bb3 Qxg5 35. Kb1 Qf5 36. Qg2 a5 37. Bh2 Rc6 38. Rf1 Qb5 39. Rc1 e2 40. Rg1 d3 41. Bf4 a4 42. Bf7 dxc2+ 43. Ka1 a3 44. Bxg6+ Kh8 45. Rxc2 axb2+ 46. Kb1 Rxc2 47. Bxc2 e1Q+ 48. Rxe1 Qa6 49. Qe4 Kg8 50. Qd5+ Kh8 51. Qxh5+ 1-0

[Event "GBR-ch Morning op 104th"]
[Site "Llandudno"]
[Date "2017.08.02"]
[Round "3"]
[White "Clanchy, Nicholas"]
[Black "Surtees, Michael"]
[Result "0-1"]
[WhiteElo "1770"]
[BlackElo "2084"]
[PlyCount "70"]
[EventDate "2017.07.31"]
[EventType "swiss"]
[EventRounds "5"]
[EventCountry "WLS"]
[SourceTitle "EXT 2018"]
[Source "ChessBase"]
[SourceDate "2017.10.13"]
[SourceVersion "1"]
[SourceVersionDate "2017.10.13"]
[SourceQuality "1"]

1. g3 d5 2. Bg2 c6 3. d3 e5 4. Nf3 f6 5. b3 Bg4 6. Bb2 a5 7. Nbd2 Bd6 8. c3 Ne7 9. a3 0-0 10. 0-0 Qd7 11. Re1 Na6 12. Qc2 b5 13. e4 dxe4 14. Nxe4 Bc7 15. d4 f5 16. Nc5 Nxc5 17. dxc5 e4 18. Nd4 Be5 19. h3 Bxd4 20. cxd4 Bh5 21. g4 fxg4 22. Qxe4 Rae8 23. Qd3 Ng6 24. Qg3 Nf4 25. Rxe8 Qxe8 26. Bf1 gxh3 27. d5 Bg6 28. d6 Ne2+ 29. Bxe2 Qxe2 30. Bd4 Qe4 31. Be3 Rf3 32. Qh2 Rxe3 33. fxe3 Qxe3+ 34. Qf2 h2+ 35. Kg2 Be4+ 0-1

[Event "GBR-ch Soanes op 104th"]
[Site "Llandudno"]
[Date "2017.07.30"]
[Round "4"]
[White "Clanchy, Nicholas"]
[Black "London, Nick J"]
[Result "1-0"]
[WhiteElo "1770"]
[BlackElo "1682"]
[PlyCount "75"]
[EventDate "2017.07.28"]
[EventType "swiss"]
[EventRounds "5"]
[EventCountry "WLS"]
[SourceTitle "EXT 2019"]
[Source "ChessBase"]
[SourceDate "2018.10.10"]
[SourceVersion "1"]
[SourceVersionDate "2018.10.10"]
[SourceQuality "1"]

1. d4 Nf6 2. Nf3 c5 3. e3 b6 4. Bd3 Bb7 5. 0-0 d6 6. c3 Nbd7 7. Nbd2 e5 8. e4 Be7 9. Re1 0-0 10. d5 Ne8 11. c4 g6 12. g4 Ndf6 13. h3 Ng7 14. Nf1 Nfe8 15. Ng3 Bc8 16. Bh6 Kh8 17. Qc2 Bh4 18. Kh2 Qf6 19. Qe2 Rg8 20. Qe3 Bxg3+ 21. fxg3 Qe7 22. g5 Nh5 23. Rf1 Qd7 24. Ng1 Neg7 25. Rf2 Ba6 26. Raf1 Raf8 27. b3 Bc8 28. Be2 Qe7 29. Bxh5 Nxh5 30. Bxf8 Rxf8 31. Ne2 f5 32. gxf6 Rxf6 33. Rxf6 Nxf6 34. Kg2 Kg7 35. g4 Bd7 36. Ng3 Be8 37. Qg5 Bd7 38. Rxf6 1-0

[Event "BCF-ch rapidplay 28th"]
[Site "Leeds"]
[Date "2014.11.01"]
[Round "1"]
[White "Clanchy, Nicholas"]
[Black "Adair, James R"]
[Result "0-1"]
[WhiteElo "1770"]
[BlackElo "2420"]
[PlyCount "72"]
[EventDate "2014.11.01"]
[EventType "swiss (rapid)"]
[EventRounds "11"]
[EventCountry "ENG"]
[SourceTitle "EXT 2015"]
[Source "ChessBase"]
[SourceDate "2014.11.20"]
[SourceVersion "1"]
[SourceVersionDate "2014.11.20"]
[SourceQuality "1"]

1. e4 c5 2. d3 d5 3. Nd2 Nc6 4. Be2 Nf6 5. Ngf3 e5 6. c3 Be7 7. 0-0 0-0 8. a3 Re8 9. Re1 Qc7 10. b4 a6 11. Bb2 cxb4 12. cxb4 d4 13. Qb1 Nd7 14. Bd1 Nb6 15. Bb3 Be6 16. Bxe6 fxe6 17. Qa2 Qd7 18. Rac1 g5 19. Nb3 Na4 20. Nfd2 b5 21. Nc5 Bxc5 22. bxc5 Rac8 23. Rc2 Kh8 24. Nb3 Rf8 25. Qa1 Rf6 26. Bc1 Rg8 27. Bd2 g4 28. Rf1 Qf7 29. Qe1 Qh5 30. Nc1 Rf3 31. g3 Rg6 32. Qe2 Nc3 33. Qe1 Qh3 34. Ne2 Rxd3 35. Nxc3 dxc3 36. Bc1 Nd4 0-1

[Event "BCF-ch rapidplay 26th"]
[Site "Leeds"]
[Date "2012.11.24"]
[Round "1"]
[White "Hawkins, Jonathan J"]
[Black "Clanchy, Nicholas"]
[Result "1-0"]
[WhiteElo "2511"]
[BlackElo "1728"]
[PlyCount "49"]
[EventDate "2012.11.24"]
[EventType "swiss (rapid)"]
[EventRounds "11"]
[EventCountry "ENG"]
[SourceTitle "CBM 151 Extra"]
[Source "ChessBase"]
[SourceDate "2012.12.18"]
[SourceVersion "1"]
[SourceVersionDate "2012.12.18"]
[SourceQuality "1"]

1. d4 g6 2. e4 Bg7 3. Nc3 d6 4. Nf3 a6 5. Bd3 b5 6. 0-0 Nd7 7. Re1 c5 8. e5 cxd4 9. e6 f5 10. exd7+ Bxd7 11. Nd5 Bc6 12. Nf4 Qb6 13. Ne6 Bf6 14. Bf4 Kd7 15. a4 bxa4 16. Bc4 Rc8 17. Nexd4 Bxf3 18. Be6+ Kd8 19. Nxf3 Rb8 20. Rxa4 Bxb2 21. Qe2 Bc3 22. Rd1 a5 23. Qc4 Qb1 24. Qd3 Qb2 25. Bxd6 1-0

[Event "BCF-chT3 0910 (4NCL)"]
[Site "England"]
[Date "2010.03.28"]
[Round "8.1"]
[White "Vikanis, Georgs"]
[Black "Clanchy, Nicholas"]
[Result "0-1"]
[WhiteElo "1930"]
[BlackElo "1858"]
[PlyCount "34"]
[EventDate "2009.10.24"]
[EventType "team-tourn"]
[EventRounds "11"]
[EventCountry "ENG"]
[SourceTitle "EXT 2011"]
[Source "ChessBase"]
[SourceDate "2010.11.26"]
[SourceVersion "1"]
[SourceVersionDate "2010.11.26"]
[SourceQuality "1"]
[WhiteTeam "Oxford III"]
[BlackTeam "KJCA Knights"]
[WhiteTeamCountry "ENG"]
[BlackTeamCountry "ENG"]

1. Nf3 g6 2. d4 Bg7 3. e4 d6 4. Bc4 Nf6 5. e5 dxe5 6. Nxe5 e6 7. 0-0 0-0 8. Bg5 b6 9. Qf3 c6 10. Ng4 Nbd7 11. Nc3 h5 12. Ne5 Qc7 13. Bf4 g5 14. Bxg5 Nxe5 15. Qg3 Nfg4 16. h3 Nf3+ 17. Qxf3 Qh2# 0-1